| 000 | 00000nam 2200000za 4500 |
| 001 | 9.676744 |
| 003 | CaOODSP |
| 005 | 20221107134402 |
| 007 | cr ||||||||||| |
| 008 | 150407s1997 onc|||||o f00| 0 fre d |
| 020 | |a978-0-660-67489-6 |
| 040 | |aCaOODSP|bfre |
| 041 | |aeng |
| 041 | |afre |
| 043 | |an-cn--- |
| 086 | 1 |aM86-16/1997-1-PDF |
| 245 | 00|aGazetteer of Canada |h[ressource électronique] = |bRépertoire toponymique concis du Canada / |cpublié pour le Comité permanent canadien des noms géographiques par le Centre d'information topographique, Géomatique Canada, Ressources naturelles Canada. |
| 250 | |a1e éd. |
| 260 | |aOttawa : |bRessources naturelles Canada,|c1997. |
| 300 | |a681p.|bcartes, tableaux |
| 500 | |a«Pour réunir des toponymes du pays en un seul volume d'une taille qui puisse être gérée, nous avons choisi quelque 47 000 des 350 000 noms actuellement approuvées par le Comité permanent canadien des noms géographiques.»--Préface. |
| 500 | |a«Numérisé par Éditions et Services de dépôt, Travaux publics et Services gouvernementaux Canada - 2014» |
| 520 | 3 |aCette publication renferme l'ensemble des répertoires géographiques provinciaux et territoriaux. Paru d'abord en 1952, puis maintenant dans cette version à jour et concise, le "Répertoire" contient tous les noms approuvés des lieux habités, des lacs, des rivières, des montagnes, des parcs provinciaux et des réserves amérindiennes de chaque province et territoire. Ces noms géographiques témoignent également de la richesse culturelle et historique de notre pays en illustrant la diversité des langues parlées au Canada. Quiconque veut savoir le nom exact et l'emplacement précis d'un lieu géographique au Canada trouvera le "Répertoire toponymique concis du Canada" rapide et facile à consulter. En plus d'instructions détaillées sur son usage, l'ouvrage comprend un glossaire et une carte couleur du Canada. |
| 546 | |aTexte en français et en anglais. |
| 590 | |a14-18-Supp|b2014-10-15 |
| 691 | 07|aToponymie|2gcpds |
| 710 | 1 |aCanada.|bRessources naturelles Canada. |bComité permanent canadien des noms géographiques. |
| 776 | 0#|tConcise gazetteer of Canada / |w(CaOODSP)9.659085 |
| 791 | |tConcise gazetteer of Canada |eeng|w(CaOODSP)9.676743 |
| 856 | 40|ahttp://publications.gc.ca|qPDF|s20.55 Mo|uhttps://publications.gc.ca/collections/collection_2014/rncan-nrcan/M86-16-1997-1.pdf |